| 000 | 00581nam a2200181 a 4500 | ||
|---|---|---|---|
| 005 | 20220608065319.0 | ||
| 008 | 991125s1920 fr 000 0 spa u | ||
| 035 | _aUPN01000034441 | ||
| 049 | _aLT | ||
| 050 | 4 |
_aLB1573 M6 _bL4.4 LL |
|
| 245 | 0 | 0 |
_aLecturas mexicanas graduadas : _bsegunda serie / _corganizadas por Amado Nervo. |
| 260 |
_aParÃs : _bVda. de Ch. Bouret, _c1920 |
||
| 300 |
_a228 p. : _bil. |
||
| 500 | _a"Con el retrato y datos biográficos de cada autor" | ||
| 650 | 4 |
_aLecturas y narraciones _910213 |
|
| 700 | 1 |
_aNervo, Amado, _d1870-1919 _ecomp |
|
| 905 | _aLibro | ||
| 999 |
_c34441 _d34441 |
||